[Event "Toronto NAYCC U12"]
[Site "Toronto"]
[Date "2013.08.14"]
[Round "1"]
[White "Sun, Benjamin Weiwu"]
[Black "Shen, Christopher Y"]
[Result "0-1"]
[WhiteElo "1414"]
[BlackElo "2018"]
[PlyCount "70"]
[EventDate "2013.08.14"]
[EventType "swiss"]
[EventRounds "9"]
[EventCountry "CAN"]
[SourceTitle "EXT 2022"]
[Source "ChessBase"]
[SourceDate "2021.10.06"]
[SourceVersion "1"]
[SourceVersionDate "2021.10.06"]
[SourceQuality "1"]

1. e4 c5 2. Nf3 Nc6 3. d4 cxd4 4. Nxd4 e5 5. Nb5 d6 6. N1c3 a6 7. Na3 b5 8. Nd5 Rb8 9. c3 Nf6 10. Bg5 Be7 11. Bxf6 Bxf6 12. Bd3 Be6 13. Nxf6+ Qxf6 14. Nc2 Ne7 15. Ne3 d5 16. 0-0 Rd8 17. Qc2 h6 18. Rfd1 d4 19. Nf1 0-0 20. Ng3 Ng6 21. cxd4 Rxd4 22. Ne2 Rdd8 23. Ng3 Nf4 24. Be2 Rc8 25. Qd2 Qg5 26. Bf3 Bg4 27. Bxg4 Qxg4 28. h3 Qg5 29. Qd7 Rc2 30. b3 Ne6 31. Qd3 Rfc8 32. Qe3 Nf4 33. Rdc1 Rxc1+ 34. Rxc1 Rxc1+ 35. Qxc1 Nxh3+ 0-1

[Event "North American-ch U10"]
[Site "Montreal"]
[Date "2010.08.16"]
[Round "2"]
[White "Sun, Benjamin Weiwu"]
[Black "Zhang, Yuanchen"]
[Result "0-1"]
[WhiteElo "1289"]
[BlackElo "1414"]
[PlyCount "74"]
[EventDate "2010.08.16"]
[EventType "swiss"]
[EventRounds "7"]
[EventCountry "CAN"]
[SourceTitle "EXT 2013"]
[Source "ChessBase"]
[SourceDate "2012.11.22"]
[SourceVersion "1"]
[SourceVersionDate "2012.11.22"]
[SourceQuality "1"]

1. e4 c5 2. Nf3 e6 3. d4 cxd4 4. Nxd4 Nf6 5. Nc3 Nc6 6. Ndb5 Bb4 7. a3 Bxc3+ 8. Nxc3 d5 9. exd5 exd5 10. Bg5 d4 11. Ne4 Qa5+ 12. b4 Qe5 13. Qe2 Qxe4 14. Bxf6 Qxe2+ 15. Bxe2 gxf6 16. 0-0-0 Be6 17. Rhe1 0-0-0 18. b5 Ne5 19. f4 Nc4 20. Bxc4 Bxc4 21. a4 d3 22. cxd3 Bb3 23. Rd2 Bxa4 24. Re7 Bxb5 25. Rxf7 Rd6 26. d4 Bc6 27. g3 Bd5 28. Rc2+ Kb8 29. Rfc7 Be4 30. R2c4 Rhd8 31. Rf7 Bd5 32. Rcc7 Bxf7 33. Rxf7 Rxd4 34. Rxf6 Rd1+ 35. Kc2 R1d2+ 36. Kc1 Rxh2 37. Kb1 Rd1# 0-1